000
00492nam a2200181Ia 4500
008
090124s9999 xx 000 0 und d
082
_b
117120
100
_a
शेंडे ना.रा.
245
_a
तांबडा दगड
250
_a
1
260
_c
1977
300
_a
134
600
_a
शेंडे ना.रा.
630
_a
तांबडा दगड
700
_a
शेंडे ना.रा.
730
_a
तांबडा दगड
942
_c
BOOK
999
_c
163206
_d
163206